00745nam a2200205Ia 4500003000500000005001700005008004100022020001800063050002600081100002000107245009800127250001700225260004400242300002400286500005300310650002300363942001700386999001700403952011900420SISC20170308084814.0140321s9999 xx 000 0 und d a9789814441414 aHF 5415.32b.H69 2013 aHoyer, Wayne D. aConsumer behavior in the 21st century /cWayne D. Hoyer, Deborah J. Maclnnis and Rik Pieters. a2nd edition. aPhilippines :bCengage Learning,c2013. a497 pages ;c26 cm. aIncludes bibliographical references and indexes. aConsumer behavior. kFORcBK2lcc c48281d48281 001040aCLbCLcRESd2014-03-21l1oHF 5415.32 .H69 2013pC17564r2018-05-15 00:00:00s2017-09-05w2014-03-21yBK